000 00514nam a2200169 a 4500
005 20221118063435.0
008 991125s1959 mx 000 0 spa u
035 _aUPN01000001839
049 _aLT
050 4 _aLB1573 M6.4
_bG7.2 1959
100 1 _aGrimaldo, María Cristina
245 1 0 _aAlma infantil :
_blibro cuarto de lectura /
_cpor María Cristina Grimaldo
260 _aMéxico :
_bHerrero,
_c1959.
300 _a172 p. :
_bil.
650 4 _aLectura
_xEstudio y enseñanza (Elemental)
_92805
905 _aLibro
999 _c1839
_d1839